|
|
|
|
| LEADER |
00575nam a2200133Ia 4500 |
| 008 |
161229s9999 xx 000 0 und d |
| 082 |
|
|
|a 338.9 DIP/ST
|
| 100 |
|
|
|a Dipti Prakas Pal
|
| 245 |
|
|
|a Structural interdependence and development: (an input-output study of the Indian economy)
|
| 260 |
|
|
|b Himalaya Publishing House
|a Bombay
|c 1988
|
| 300 |
|
|
|a xiii, 217
|
| 942 |
|
|
|c BK
|
| 999 |
|
|
|c 153951
|d 153951
|
| 952 |
|
|
|0 0
|1 0
|4 0
|6 338_900000000000000_DIPST
|7 0
|9 153024
|a KAUCLV
|b KAUCLV
|d 2016-12-29
|g 85.00
|o 338.9 DIP/ST
|p 905260
|r 2016-12-29
|w 2016-12-29
|y BK
|z Book transferred from CCBM Library ,Acc.No:2049
|